000 00976nam a22002537a 4500
005 20170124103028.0
010 _aA-611004
020 _c50.00
035 _aA-611004
037 _bCen Lib/Ret
040 _aDPL
_bHN
082 _a
_bशर्माया
100 _aशर्मा, यादवेन्द्र
_99690
245 _aज़मीन का टुकड़ा /
_cयादवेन्द्र शर्मा
246 _aZameen ka tukara /
_bby Yadvendra Sharma
260 _aदिल्ली
_bजगतराम एंड संस
_c1993
270 _bदिल्ली
_aix/221, मेन रोड गाँधी नगर
_e110031
300 _a147पृ.
_c17सेमी(सजिल्द)
650 _aहिन्दी साहित्य
_962795
650 _aकहानियां
_962796
650 _aHindi literature
_962797
650 _aStories
_97500
942 _2ddc
_cHN
_h
_mशर्माया
999 _c115698
_d115698